| 000 | 00641cam a22002172 4500 | ||
|---|---|---|---|
| 001 | 0000020196 | ||
| 005 | 20151217154438.0 | ||
| 008 | 110826s xx 000 0 eng d | ||
| 020 | _a0582473128 | ||
| 040 |
_aKABU _cKABU |
||
| 100 | 1 |
_aElliott, Catherine. _@0000160117 |
|
| 245 | 1 | 0 |
_aCriminal law / _cCatherine Elliott and Frances Quinn. |
| 250 | _a4th ed. | ||
| 260 |
_aLondon : _bLongman, _c2002. |
||
| 300 | _axxii, 344 p. | ||
| 650 | 0 |
_aCriminal law _zEngland. _@0000177786 |
|
| 700 | 1 |
_aQuinn, Frances. _@0000160120 |
|
| 852 | 1 | _9p1000 KES | |
| 908 | _a110826 | ||
| 950 | _@1 | ||
| 999 |
_c11326 _d11326 |
||